| 000 | 00626nam a22001337a 4500 | ||
|---|---|---|---|
| 040 | _crua | ||
| 082 | _aAGR MOE 2022 B1-570 Or. | ||
| 100 | _aMOEURN SRUOCH,មឿន ស្រួច | ||
| 245 | _aCOMPARE OF PLASTIC AND ORGANIC MULCHING ON RADISH (Raphanus sativus var longipinnatus),ប្រៀបធៀបគម្របប្លាស្ទិច និងគម្របសរីរាង្គនៅលើដំណាំឆៃថាវ | ||
| 260 |
_aphnom penh _brua _c2022 |
||
| 300 |
_axi.46p. _bill. _c29cm. |
||
| 856 | _uhttps://drive.google.com/file/d/1OuqLvsEU_N7enN89mBj_TM7vpmd0bzp1/view?usp=sharing | ||
| 942 | _cAGR | ||
| 999 |
_c23608 _d23608 |
||